[Event "Gaprindashvili Cup Open II Stage 2020"]
[Site "Online"]
[Date "2020.11.08"]
[Round "7.3"]
[White "Shanava, Konstantine"]
[Black "Pantsulaia, Levan"]
[Result "1/2-1/2"]
[WhiteElo "2504"]
[BlackElo "2553"]
[Annotator "TA"]
[PlyCount "135"]
[EventDate "2020.11.04"]
[EventType "swiss"]
[SourceTitle "playchess.com"]
[Source "ChessBase"]
[SourceQuality "1"]

{[%evp 15,135,35,37,35,33,28,34,31,44,28,40,0,0,3,14,10,26,0,0,0,0,0,-1,-9,0,0,0,0,0,0,0,0,0,-17,-6,-44,-41,-140,-162,-158,-166,-151,-152,-287,-216,-348,-359,-509,-505,-469,-456,-422,-409,-404,-337,-418,-325,-328,-341,-383,-348,-406,-378,-365,-304,-333,-298,-332,-260,-558,-547,-893,-872,-1611,-348,-1801,-1585,-1867,-1696,-1574,-1504,-1314,-1210,-1867,-280,-280,-254,-425,-445,-445,-408,-415,-410,-377,-145,-159,-151,-144,0,0,0,0,0,0,0,0,0,0,0,0,0,0,0,0,1,1,8,8,8,8,8,8]} 1. e4 {Ramirez Alvarez,Alejandro} c5 2. Nf3 e6 3. d4 cxd4 4. Nxd4 a6 5. Nc3 b5 6. Bd3 Bb7 7. O-O Nc6 8. Nxc6 Bxc6 9. Re1 $1 {9.Re1 is better than 9.Qe2. B43: Sicilian: Kan Variation: 5 Nc3.} Qb8 10. a4 b4 11. Nd5 {White is slightly better.} Bd6 12. Qh5 {[#]} Be5 $146 ({Predecessor:} 12... Ne7 13. Nxe7 Bxe7 14. b3 a5 15. Bb2 Bf6 16. Bxf6 gxf6 17. e5 Rg8 18. g3 Rg5 {1-0 (42) Nakamura,H (2772)-Kamsky,G (2741) Saint Louis 2013 CBM 157 [Ramirez Alvarez,Alejandro]}) 13. f4 Bd4+ 14. Kh1 Bxd5 15. exd5 Nf6 {[%mdl 64] Double Attack} 16. Qf3 O-O 17. dxe6 dxe6 18. f5 e5 19. g4 h6 20. g5 hxg5 21. Bxg5 Qd6 22. Rad1 {next c3! is good for White.} Rac8 23. Bxf6 Qxf6 24. Re4 Rfd8 25. Qh3 Bxb2 26. Rh4 (26. Rxb4 $15 Bd4 27. Rdb1) 26... Qc6+ $17 {[%mdl 64] Double Attack} 27. Kg1 {[%csl Gh3][%cal Rh4h8]} Bd4+ 28. Kf1 {[%csl Gh3][%cal Rh4h8]} Kf8 29. f6 (29. Rh7 $17) 29... gxf6 30. Be4 (30. Bf5 {was worth a try.} Rc7 31. Rh8+ Ke7 32. Rxd8 Kxd8 33. Qg2) 30... Qxa4 $19 31. Rh7 (31. Qb3 $142 Qxb3 32. cxb3) 31... Rxc2 32. Rxf7+ Kxf7 33. Qh7+ Ke6 34. Bxc2 Qa2 35. Rb1 Qc4+ 36. Bd3 Qc3 37. Kg2 a5 ({Much less strong is} 37... Kd6 38. Rf1 $19) 38. Rf1 {[#]} e4 $1 39. Bxe4 Qc4 40. Bd3 Qc5 (40... Qa2+ $2 41. Kh1 $19) 41. Kh1 Kd6 42. Rd1 $2 {[#]} (42. Be4 {might work better.}) 42... Rh8 $1 {[%mdl 512]} 43. Qg6 (43. Qxh8 Qd5+) 43... Qd5+ 44. Be4 {[#]} Rxh2+ $1 {[%mdl 512]} 45. Kxh2 Be5+ {[%mdl 64] Discovered Attack} 46. Kg2 Qxd1 47. Bf3 Qd2+ 48. Kf1 Qe3 49. Qf5 Bd4 $2 (49... b3 {aiming for ...a4.} 50. Bg4 Bd4) 50. Qd5+ {[#]} Ke7 $1 {[%csl Gd4][%cal Re3f2]} 51. Kg2 $2 (51. Qb7+ {was the only chance.} Kf8 52. Qc8+ Qe8 53. Qa6) 51... b3 52. Qb7+ Kf8 53. Bd5 {[%csl Gd5][%cal Rb7f7]} Qe2+ 54. Kh3 {[%csl Gd5][%cal Rb7f7]} Qe7 $2 (54... Qh5+ $19 {is more deadly.} 55. Kg3 Be5+ 56. Kf2 a4 57. Qa8+ Kg7 58. Qg8+ Kh6) 55. Qb8+ Qe8 56. Qd6+ Qe7 (56... Kg7 $17 {Threatens to win with ...Be5.} 57. Qg3+ Kf8 58. Qd6+ Kg7 59. Qg3+ Qg6 60. Bxb3 Be5 61. Qxg6+ Kxg6) 57. Qb8+ $11 {The position is equal.} Kg7 {( -> ...Qd7+)} 58. Qg3+ Kh7 {Hoping for ...Qd7+.} 59. Qh4+ Kg6 60. Be4+ Kf7 61. Bd5+ Ke8 {Strongly threatening ...Qd7+.} 62. Qxd4 Qe5 63. Qxe5+ fxe5 64. Bxb3 Ke7 65. Kg4 Kd6 66. Kf3 e4+ 67. Kxe4 a4 68. Bxa4 {And White is the lucky defender. Av CentiPawn Loss W=-69/B=-41. Weighted=-56/-37} 1/2-1/2

[Event "Gaprindashvili Cup Open II Stage 2020"]
[Site "Online"]
[Date "2020.11.08"]
[Round "7.4"]
[White "Bagaturov, Giorgi"]
[Black "Endeladze, Ramaz"]
[Result "1/2-1/2"]
[WhiteElo "2431"]
[BlackElo "1894"]
[Annotator "TA"]
[PlyCount "117"]
[EventDate "2020.11.04"]
[EventType "swiss"]
[SourceTitle "playchess.com"]
[Source "ChessBase"]
[SourceQuality "1"]

{[%evp 23,117,0,37,0,0,0,35,27,58,-42,-28,-41,-50,-141,-148,-139,-135,-145,-153,-156,-5,-15,-13,-12,60,71,77,11,108,119,124,116,105,102,113,116,108,109,131,122,128,123,128,110,118,95,114,0,0,6,8,0,0,0,0,0,0,0,0,0,0,0,0,0,0,0,0,0,0,-79,-3,-10,-10,-262,0,-277,0,-146,0,0,0,-3,-16,-57,0,-25,0,-122,0,0,0,0,0,0,0,0]} 1. d4 Nf6 2. Nf3 g6 3. c4 Bg7 4. g3 O-O 5. Bg2 d6 6. O-O c5 7. d5 e6 8. Nc3 exd5 9. cxd5 Re8 10. h3 a6 11. a4 Nbd7 {[%cal Bb8d7,Bd7c5,Bc5b3][%mdl 32]} 12. Bf4 Qc7 13. Rc1 {A63: Modern Benoni: Fianchetto Variation: 9...Nbd7.} Nh5 14. Bd2 {[#]} Qb6 $146 ({Predecessor:} 14... Rb8 15. b4 Qb6 16. bxc5 Nxc5 17. g4 Nf6 18. Bf4 Nfe4 19. Nxe4 Nxe4 20. e3 Qa5 {0-1 (53) Wagner,D (2424)-Bogner,S (2569) Triesen 2012}) 15. Qc2 {White is slightly better.} c4 16. Kh2 (16. Ne4 $14) 16... Nc5 $1 $15 17. g4 {Hoping for a5.} Nf6 18. Be3 {[#]} (18. Bf4 $15) 18... Rxe3 $1 $17 {[%mdl 512]} 19. fxe3 Nb3 20. g5 Nh5 21. Rcd1 Qxe3 $2 (21... Bd7 $17 {aiming for ...Re8.} 22. Qe4 Re8 23. Qxc4 Nc5) 22. Qe4 $11 Qxe4 23. Nxe4 Bxb2 ({Black should play} 23... b5 $11) 24. Nxd6 $14 c3 25. Rb1 ({White should try} 25. Nc4 $16) 25... Bf5 (25... Bd7 $11) 26. Nxf5 gxf5 27. Rxb2 $1 cxb2 28. Rb1 Nc5 29. Rxb2 Nf4 30. Nd4 Nxg2 31. Kxg2 $16 {[%mdl 4096] Endgame KRN-KRN} Rd8 32. Nxf5 Kf8 33. d6 f6 34. gxf6 Kf7 35. Kf3 ({White has to play} 35. Rc2 $1 $16 {[%cal Rc2c5]} Nxa4 36. e4) 35... Kxf6 $11 36. e4 {With the idea Rc2.} Ke5 37. Rb4 Nxe4 {[%mdl 64] Remove Defender} 38. Rxe4+ Kxf5 {KR-KR} 39. Re7 Rxd6 40. Rxb7 h5 41. Rf7+ Kg6 42. Ra7 Kf5 43. Rf7+ Kg5 44. Kg3 Rd3+ 45. Kg2 Ra3 46. Rg7+ (46. Rd7 $11) 46... Kf6 (46... Kh4 $17 47. Rd7 Rxa4) 47. Ra7 Rxa4 48. Kg3 $2 {[%mdl 8192]} (48. Rc7 $11) 48... a5 $2 (48... h4+ $1 $19 49. Kf2 a5) 49. Ra8 $2 {[%mdl 8192]} (49. h4 $1 $11 {and White has nothing to worry.}) 49... Kg7 $2 (49... h4+ $1 $19 50. Kf2 Ke6) 50. Ra6 {[#]} (50. h4 $11) 50... Kh7 (50... h4+ $1 $17 51. Kf3 Kf7) 51. Kf3 h4 52. Ke3 Kg7 53. Kd3 Kh7 54. Ke3 Kg7 (54... Kg8 $11) 55. Kd3 $1 $17 {[#]} Ra3+ (55... Kf7 $1 $17 56. Ke3 Ke7) 56. Ke4 $11 {The position is equal.} Rxh3 {And now ...Ra3 would win.} 57. Rxa5 Rh1 58. Kf4 h3 59. Kg3 {Av CentiPawn Loss W=-31/B=-27. Weighted=-44/-43} 1/2-1/2

[Event "Gaprindashvili Cup Open II Stage 2020"]
[Site "Online"]
[Date "2020.11.08"]
[Round "7.5"]
[White "Petriashvili, Nikoloz"]
[Black "Akhvlediani, Irakli"]
[Result "0-1"]
[WhiteElo "2425"]
[BlackElo "2355"]
[Annotator "TA"]
[PlyCount "82"]
[EventDate "2020.11.04"]
[EventType "swiss"]
[SourceTitle "playchess.com"]
[Source "ChessBase"]
[SourceQuality "1"]

{[%evp 10,82,25,21,23,-34,-22,-45,-37,-58,-55,-87,-40,-38,-35,-36,-36,-30,-22,-57,-41,-94,-104,-98,-104,-100,-99,-99,-98,-112,-103,-99,-105,-127,-125,-118,-122,-127,-125,-126,-124,-118,-99,-110,-106,-102,-64,-64,-64,-65,-65,-64,-66,-120,-120,-120,-119,-119,-116,-154,-156,-147,-140,-285,-283,-254,-277,-248,-257,-240,-239,-504,-495,-2014,-1960]} 1. e4 c5 2. Nc3 Nc6 3. Bb5 Nd4 4. Nf3 e6 5. O-O a6 6. Bd3 Nc6 {B30: Sicilian: 2...Nc6 3 Bb5, lines without ...g6.} 7. Re1 ({White should play} 7. Be2 $11) 7... g5 $15 {aiming for ...g4.} 8. Rf1 {[#]} g4 $146 {Black is slightly better.} ({Predecessor:} 8... Bg7 9. Be2 h6 10. d3 Nge7 11. Be3 d6 12. h3 O-O 13. d4 cxd4 14. Nxd4 Ng6 {1-0 (49) Andriasian,Z (2766)-Potapov,P (2464) Tallinn 2019}) 9. Ne1 h5 10. f3 Bd6 {And now ...Bxh2+! would win.} 11. f4 b6 12. b3 Bb7 13. Bb2 {next Nb5 is good for White.} f6 14. g3 Nge7 15. e5 (15. Ng2 $15) 15... fxe5 $17 16. Ne4 Qc7 17. Qe2 Nd4 18. Nxd6+ Qxd6 19. Qxe5 Qxe5 20. fxe5 h4 21. Bxd4 {Bf2 is the strong threat.} hxg3 ({Don't take} 21... cxd4 22. gxh4 Rxh4 23. Ng2 $15) 22. hxg3 cxd4 23. Ng2 Rh3 24. Nf4 Rxg3+ 25. Kh2 Rf3 26. Be2 Rxf1 27. Rxf1 O-O-O 28. Bxg4 Rf8 29. Bh3 Rh8 30. Kg3 Rg8+ 31. Kh2 {[#]} (31. Kf2 $15) 31... Rg5 $1 32. Re1 Nc6 33. Nd3 Kc7 34. b4 a5 35. b5 Ne7 36. a4 {[#] This costs White the game.} (36. Nf4 $17) 36... Ng6 $1 $19 37. Re2 Bf3 38. Re1 Bd5 {Hoping for ...Nh4.} 39. Bf1 Nh4 {Threatens to win with ...Nf3+.} 40. Kh3 $2 (40. Be2 {keeps fighting.}) 40... Nf3 $1 {[%csl LRd2,LRe1]} 41. Rd1 (41. Re2 $142 Rg7 42. Rg2 Ng5+ 43. Kh4 Bxg2 44. Bxg2) 41... Be4 {Av CentiPawn Loss W=-50/B=-5. Weighted=-42/-6} 0-1

[Event "Gaprindashvili Cup Open II Stage 2020"]
[Site "Online"]
[Date "2020.11.08"]
[Round "7.6"]
[White "Adamia, Jaba"]
[Black "Nemsadze, Daviti"]
[Result "0-1"]
[WhiteElo "1899"]
[BlackElo "1690"]
[Annotator "NA RC"]
[PlyCount "123"]
[EventDate "2020.11.04"]
[EventType "swiss"]
[SourceTitle "playchess.com"]
[Source "ChessBase"]
[SourceQuality "1"]
[TimeControl "1500+5"]

1. d4 {[%emt 0:00:00]} Nf6 {[%emt 0:00:05]} 2. g3 {[%emt 0:00:20]} e6 {[%emt 0:00:13]} 3. c4 {[%emt 0:00:08]} d5 {[%emt 0:00:23]} 4. Nf3 {[%emt 0:00:11]} dxc4 {[%emt 0:00:43]} 5. Bg2 {[%emt 0:00:22]} c6 {[%emt 0:00:11]} 6. O-O {[%emt 0:00:53]} Nbd7 {[%emt 0:00:10]} 7. a4 {[%emt 0:01:49]} a5 {[%emt 0:01:25]} 8. Na3 {[%emt 0:01:12]} Bxa3 {[%emt 0:00:23]} 9. Rxa3 {[%emt 0:00:05]} O-O {[%emt 0:00:16]} 10. Bg5 {[%emt 0:01:09]} h6 {[%emt 0:00:11]} 11. Bf4 {[%emt 0:00:03]} b5 {[%emt 0:00:29]} 12. Bd6 {[%emt 0:02:08]} Re8 {[%emt 0:00:17]} 13. Ne5 {[%emt 0:00:16]} Nxe5 {[%emt 0:00:17]} 14. dxe5 {[%emt 0:00:10]} Nd5 {[%emt 0:00:08]} 15. axb5 {[%emt 0:00:27]} cxb5 {[%emt 0:00:17]} 16. Bxd5 {[%emt 0:00:09]} exd5 {[%emt 0:00:04]} 17. Qxd5 {[%emt 0:00:05]} Bh3 {[%emt 0:00:06]} 18. Rfa1 {[%emt 0:00:47]} Qb6 {[%emt 0:01:03]} 19. Bc5 {[%emt 0:03:14]} Qg6 {[%emt 0:00:35]} 20. Bd6 {[%emt 0:05:42]} Qc2 {[%emt 0:00:50]} 21. Qd1 {[%emt 0:00:32]} Qxd1+ {[%emt 0:00:51]} 22. Rxd1 {[%emt 0:00:03]} b4 {[%emt 0:00:09]} 23. Raa1 {[%emt 0:01:17]} Rec8 {[%emt 0:00:14]} 24. f3 {[%emt 0:02:28]} Be6 {[%emt 0:00:11]} 25. Kf2 {[%emt 0:00:43]} Kh7 {[%emt 0:00:12]} 26. Rdc1 {[%emt 0:00:18]} g6 {[%emt 0:00:16]} 27. Ke3 {[%emt 0:00:19]} c3 {[%emt 0:00:19]} 28. bxc3 {[%emt 0:00:02]} b3 {[%emt 0:00:04]} 29. Rab1 {[%emt 0:00:33]} a4 {[%emt 0:00:13]} 30. Ba3 {[%emt 0:00:04]} g5 {[%emt 0:00:10]} 31. Rb2 {[%emt 0:00:10]} Ra5 {[%emt 0:00:10]} 32. f4 {[%emt 0:00:05]} Rc4 {[%emt 0:00:05]} 33. Rd2 {[%emt 0:00:17]} Rb5 {[%emt 0:00:08]} 34. Bb2 {[%emt 0:00:35]} h5 {[%emt 0:00:14]} 35. Rd4 {[%emt 0:00:28]} a3 {[%emt 0:00:19]} 36. Bxa3 {[%emt 0:00:19]} b2 {[%emt 0:00:07]} 37. Rb1 {[%emt 0:00:17]} Rxc3+ {[%emt 0:00:08]} 38. Rd3 {[%emt 0:00:04]} Rc2 {[%emt 0:00:35]} 39. Rd2 {[%emt 0:00:12]} Rb3+ {[%emt 0:00:09]} 40. Rd3 {[%emt 0:00:02]} gxf4+ {[%emt 0:00:05]} 41. gxf4 {[%emt 0:00:04]} Rxe2+ {[%emt 0:00:45]} 42. Kxe2 {[%emt 0:00:08]} Bc4 {[%emt 0:00:03]} 43. Rxb2 {[%emt 0:00:17]} Bxd3+ {[%emt 0:00:06]} 44. Kf2 {[%emt 0:00:05]} Rxa3 {[%emt 0:00:04]} 45. Rb6 {[%emt 0:00:04]} h4 {[%emt 0:00:11]} 46. Rf6 {[%emt 0:00:04]} Kg7 {[%emt 0:00:10]} 47. Rd6 {[%emt 0:00:05]} Ra2+ {[%emt 0:00:08]} 48. Kg1 {[%emt 0:00:04]} Be4 {[%emt 0:00:07]} 49. Rd4 {[%emt 0:00:02]} Bf5 {[%emt 0:00:06]} 50. Rd6 {[%emt 0:00:08]} h3 {[%emt 0:00:05]} 51. Rd4 {[%emt 0:00:04]} Rg2+ {[%emt 0:00:11]} 52. Kh1 {[%emt 0:00:04]} Bg4 {[%emt 0:00:16]} 53. Rd3 {[%emt 0:00:07]} Bf5 {[%emt 0:00:09]} 54. Rg3+ {[%emt 0:00:02]} Rxg3 {[%emt 0:00:08]} 55. hxg3 {[%emt 0:00:02]} Be6 {[%emt 0:00:08]} 56. Kg1 {[%emt 0:00:10]} Kh6 {[%emt 0:00:05]} 57. Kf2 {[%emt 0:00:08]} Kh5 {[%emt 0:00:02]} 58. f5 {[%emt 0:00:08]} Bxf5 {[%emt 0:00:03]} 59. Kf3 {[%emt 0:00:01]} Be4+ {[%emt 0:00:04]} 60. Kf4 {[%emt 0:00:07]} h2 {[%emt 0:00:02]} 61. g4+ {[%emt 0:00:01]} Kh4 {[%emt 0:00:02]} 62. e6 {[%emt 0:00:02]} 0-1

[Event "Gaprindashvili Cup Open II Stage 2020"]
[Site "Online"]
[Date "2020.11.08"]
[Round "7.7"]
[White "Kacharava, Nikolozi"]
[Black "Lortkipanidze, Nodar"]
[Result "0-1"]
[WhiteElo "2443"]
[BlackElo "2416"]
[Annotator "TA"]
[PlyCount "90"]
[EventDate "2020.11.04"]
[EventType "swiss"]
[SourceTitle "playchess.com"]
[Source "ChessBase"]
[SourceQuality "1"]

{[%evp 12,90,81,34,31,27,33,0,0,0,-5,-22,-19,-23,-22,-45,0,0,-21,-41,-29,-76,-75,-71,-76,-77,-87,-73,-71,-75,-73,-83,-54,-79,-35,-36,-37,-33,-37,-60,-58,-62,-46,-43,-31,-38,-33,-69,-55,-304,-304,-302,-300,-315,-302,-405,-406,-470,-444,-29952,-29954,-29951,-29946,-29947,-29944,-5518,-5431,-29974,-29975,-29980,-29974,-29979,-29978,-29978,-29979,-29980,-29981,-29986,-29987,-29987,-29988]} 1. e4 e5 2. Nf3 Nf6 3. Nxe5 Nxe4 4. Qe2 Qe7 5. Qxe4 d6 6. d4 dxe5 7. Qxe5 Qxe5+ {C42: Petroff Defence: 3 Nxe5 and unusual White 3rd moves.} 8. dxe5 Bf5 9. Bb5+ Nd7 {The position is equal.} 10. Ba4 O-O-O 11. Bg5 Re8 12. Bf4 {[#]} g5 $146 {[%mdl 2048] White is under pressure.} ({Predecessor:} 12... Bd6 13. O-O Bxe5 14. Bxe5 Rxe5 15. Nc3 Nc5 16. Bb3 Nxb3 17. cxb3 Rd8 18. Rfd1 c6 {½-½ (38) Coleto,V-Vilchez Barroso,I Caceres 1993}) 13. Bxg5 Rxe5+ 14. Be3 $1 Rg8 15. Nc3 Nc5 16. O-O-O Nxa4 17. Nxa4 Rxg2 {[#] Threatens to win with ...Rxe3!} 18. Rhg1 Rxg1 19. Rxg1 Bg6 20. Nc3 Rh5 21. Bf4 b5 22. Ne2 Bg7 23. Rg5 Rxg5 24. Bxg5 $15 {[%mdl 4096] Endgame KBB-KBN} Kd7 25. c3 c5 26. Kd2 Bb1 27. a3 a5 28. Be3 Kc6 29. Nf4 b4 30. Ne2 $2 {Now White is beyond hope.} (30. axb4 $15 cxb4 31. cxb4) 30... bxa3 $19 31. bxa3 Kb5 32. Bf4 Kc4 33. Bd6 Bd3 34. f3 a4 35. f4 {[#]} (35. Nf4 $19 Bxc3+ 36. Kc1) 35... Bxe2 {[%mdl 64] Overworked Piece} 36. Kxe2 Bxc3 {KB-KB} 37. Kd1 Bb2 38. Kc2 Bxa3 39. Be5 Bb4 {Black mates.} 40. Bf6 Kd5 41. Kd3 c4+ 42. Kc2 Bd6 43. f5 a3 44. h3 Be5 45. Bxe5 Kxe5 {Av CentiPawn Loss W=587/B=-7. Weighted=224/-6} 0-1

[Event "Gaprindashvili Cup Open II Stage 2020"]
[Site "Online"]
[Date "2020.11.08"]
[Round "7.8"]
[White "Kekelidze, Mikheil"]
[Black "Volkov, Nika"]
[Result "0-1"]
[WhiteElo "2388"]
[BlackElo "2084"]
[Annotator "TA"]
[PlyCount "174"]
[EventDate "2020.11.04"]
[EventType "swiss"]
[SourceTitle "playchess.com"]
[Source "ChessBase"]
[SourceQuality "1"]

{[%evp 13,174,65,85,56,70,60,54,62,60,56,55,29,55,45,71,62,79,72,82,64,114,122,191,186,194,195,194,196,237,227,296,205,207,213,213,130,201,95,93,79,87,79,70,89,104,91,121,13,24,0,14,10,6,6,8,9,32,32,34,19,74,70,126,13,88,0,0,0,108,3,8,0,0,0,13,-204,-212,-191,-1,-151,14,14,18,28,44,0,0,0,0,0,0,-8,-8,-8,-8,-27,-18,-77,-77,-77,-77,-76,-6,-354,-351,-348,-339,-318,-303,-358,-341,-383,-383,-379,-379,-385,-303,-383,-375,-935,-890,-1057,-983,-1741,-1540,-2359,-370,-715,-614,-572,-568,-520,-436,-4570,-1868,-3914,-1816,-4134,-3914,-1585,-1239,-4614,-4164,-29975,-29976,-29976,-29977,-29979,-29980,-29980,-29981,-29981,-29982,-29980,-29981,-29984,-29985,-29984,-29985,-29987,-29988,-29991,-296]} 1. e4 e6 2. d4 d5 3. Nc3 c5 4. Nf3 Nf6 5. exd5 exd5 6. Bb5+ Nc6 7. O-O Be7 8. dxc5 {C10: French with 3 Nc3: Unusual Black 3rd moves and 3...dxe4.} Bxc5 9. Bg5 O-O 10. Bxf6 {White is slightly better.} Qxf6 11. Qxd5 Bb4 {[#]} 12. Bxc6 $146 ({Predecessor:} 12. Ne4 Qf4 13. Bd3 Rd8 14. Qg5 Qxg5 15. Nexg5 h6 16. Ne4 Be7 17. a3 Bg4 18. Ned2 {½-½ (35) Michallet,F (1886)-Pennella,D (1794) ICCF email 2018}) 12... bxc6 13. Qd4 Qe7 14. a3 Bc5 15. Qe5 Be6 16. Ne4 Bb6 17. Neg5 $36 {[%mdl 2048] White is on the roll.} h6 (17... Rae8 $16) 18. Nxe6 $18 fxe6 19. Rfe1 Rae8 20. Rad1 Bc7 21. Qe4 Qf6 22. Rd7 Bb6 23. c3 ({Don't do} 23. Qxc6 $6 Qxb2 24. a4 Qb4 $16) 23... e5 24. Red1 Re6 (24... Qf5 $16 25. Qxf5 (25. Qxc6 $2 e4 $19) 25... Rxf5) 25. h4 (25. Kf1 $18) 25... Qg6 $16 26. Qxg6 Rxg6 27. R1d6 $1 {[%cal Rd6g6]} Rg4 {White must now prevent ...Rxf3.} 28. Kf1 e4 29. Nd4 Rgf4 30. f3 (30. Rg6 $16 Rxf2+ 31. Ke1 $1 {[%mdl 512]} Rf1+ 32. Ke2 $1 {[%mdl 512]} R1f2+ 33. Ke3 $1 {[%mdl 512]}) 30... Rxh4 $11 31. Rg6 Rh1+ 32. Kf2 Rf7 33. Rxf7 Kxf7 34. Rxc6 exf3 35. Kxf3 {[%mdl 4096] Endgame KRB-KRN} Rf1+ 36. Kg3 Rb1 (36... h5 $1 $11) 37. b4 $16 h5 ({Better is} 37... Bxd4 $1 $14 38. cxd4 Rb3+ 39. Kf4 Rxa3) 38. Nb5 ({White should play} 38. Nf3 $16) 38... Rf1 (38... g5 $1 $11 {remains equal.}) 39. a4 ({White should try} 39. Nd6+ $1 $16 Ke7 40. Nc4) 39... g5 $11 40. Nd4 (40. Rh6 {seems wilder.} Rf4 41. Rxh5 Kg6 42. Rh8 Kg7 43. Rh3) 40... Rc1 (40... h4+ $1 $11 {keeps the balance.} 41. Kg4 Rf2) 41. b5 (41. Nf3 $16) 41... Rf1 42. Kh2 Ra1 43. Ne6 Kf6 44. c4 $2 (44. Nf4+ $11 {and White stays safe.} Kf5 45. Nxh5) 44... Bg1+ $19 {[%mdl 1024] Black has strong compensation.} 45. Kh3 Ra3+ 46. g3 {[#]} Bf2 $2 (46... Ra2 $1 $17 {[%csl Gg1][%cal Ra2h2]} 47. g4 Rh2+ 48. Kg3 h4+ 49. Kf3 Ke5) 47. Nf4+ $11 {[%mdl 64] Discovered Attack} Kf5 48. Nxh5 {aiming for Rf6+.} Bd4 49. c5 g4+ 50. Kg2 Ra2+ 51. Kf1 Ke4 52. Nf6+ Kf3 {[%cal Ra2a1]} 53. Ke1 Be3 {[%cal Ra2a1]} 54. Kd1 Rxa4 {( -> ...Rc4)} 55. Kc2 (55. Nh7 $1 $11) 55... Rc4+ $17 56. Kd3 Rxc5 57. Re6 Bg1 (57... Bg5 $17 {Hoping for ...Bxf6.} 58. b6 axb6 59. Nxg4 Kxg4 60. Rxb6 Kxg3) 58. Ne4 $2 {[%mdl 8192]} (58. Re1 $11) 58... Rd5+ $19 ({Less strong is} 58... Rxb5 59. Rf6+ Kg2 60. Rg6 $11) 59. Kc3 Rxb5 60. Kc4 Rb8 61. Nd2+ Kxg3 62. Rg6 Rc8+ 63. Kd3 Rd8+ 64. Ke2 Bb6 65. Rf6 {If only White now had time for Ne4+....} Kg2 66. Rf7 $2 (66. Nf1) 66... Re8+ 67. Kd3 Re3+ 68. Kc2 g3 69. Rg7 Re6 $2 (69... Kf2 70. Rf7+ Ke2) 70. Kd3 $2 (70. Nf1 Kxf1 71. Rxg3) 70... Kf2 71. Rf7+ {[#]} Kg1 $1 72. Nf3+ Kg2 {...Re3+ is the strong threat.} 73. Nd2 (73. Nh4+ $142 Kh3 74. Nf5) 73... Re3+ 74. Kc2 Kg1 75. Nc4 Re2+ 76. Kd3 Rf2 77. Rg7 g2 78. Nd2 {[#]} Rxd2+ $1 {[%mdl 64] Promotion. Black mates.} 79. Kxd2 {KR-KB} Kf1 80. Kc2 g1=Q 81. Rxg1+ Bxg1 82. Kd3 Ke1 83. Kc4 Kd2 84. Kb5 Kc3 85. Ka4 Bb6 86. Kb5 Kb3 87. Ka6 Ka4 $2 {A wild game. Av CentiPawn Loss W=-89/B=-85. Weighted=-80/-67} (87... Kb4 {mates} 88. Kb7 Kb5 89. Kb8 a5 90. Kb7 a4 91. Kb8 a3 92. Ka8 Kc6 93. Kb8 a2 94. Ka8 a1=Q+ 95. Kb8 Qh8#) 0-1

[Event "Gaprindashvili Cup Open II Stage 2020"]
[Site "Online"]
[Date "2020.11.08"]
[Round "7.9"]
[White "Sulashvili, Malkhaz"]
[Black "Patsia, Zviad"]
[Result "1-0"]
[WhiteElo "2381"]
[BlackElo "2204"]
[Annotator "TA"]
[PlyCount "139"]
[EventDate "2020.11.04"]
[EventType "swiss"]
[SourceTitle "playchess.com"]
[Source "ChessBase"]
[SourceQuality "1"]

{[%evp 14,139,20,-13,0,0,0,7,14,0,0,-2,0,-8,-8,-8,-4,-7,-3,-8,0,0,0,0,0,0,0,0,0,0,0,0,0,0,0,-12,6,6,13,9,17,0,14,-9,-7,-12,-8,-32,0,0,0,-4,-4,-4,-4,-11,-11,-11,-12,-19,-18,-27,-34,-54,0,0,0,0,0,0,0,0,0,0,0,0,0,0,0,0,0,0,0,0,0,0,0,0,0,0,0,0,0,0,0,0,0,0,0,0,0,0,0,0,0,0,0,0,0,0,0,0,0,0,2,2,2,2,62,62,289,288,12845,12846,12847,12847,27999,27999]} 1. Nf3 d5 2. c4 e6 3. g3 Nf6 4. Bg2 Be7 5. b3 O-O 6. O-O a5 7. Bb2 a4 8. d3 axb3 {A14: English Opening: 1...e6 with b3 by White.} 9. axb3 Rxa1 10. Bxa1 b6 {[#] The position is equal.} 11. Nbd2 $146 ({Predecessor:} 11. Nc3 Bb7 12. Qc2 Na6 13. Na2 Nb4 14. Nxb4 Bxb4 15. Ne5 Re8 16. Rd1 Bf8 17. Bb2 {½-½ (27) Voicu,C (2244)-Burchardt,B (2091) Magdeburg 2020}) 11... c5 12. Ne5 Bb7 13. Bb2 Qc7 14. e3 Nc6 15. Nxc6 Bxc6 16. Qc2 Ra8 17. Ra1 Rxa1+ 18. Bxa1 Qa7 19. Bc3 Nd7 20. d4 Qb7 21. h4 (21. Qd3 {is more complex.} cxd4 22. Bxd4 dxc4 23. Bxc6 Qxc6 24. Qxc4 Qxc4 25. Nxc4 b5 26. Na5) 21... dxc4 22. Bxc6 Qxc6 23. bxc4 cxd4 24. exd4 Qa8 25. Qb3 Qc6 26. Bb4 Bf6 27. Bc3 h6 28. Qa2 b5 29. Qb3 bxc4 30. Qxc4 Qxc4 (30... Qb7 {looks sharper.} 31. Qa4 Be7 32. Qb3 Qa8 33. Nc4 Nf6) 31. Nxc4 $11 {[%mdl 4096] Endgame KBN-KBN} Nb8 32. Nd2 Nc6 33. Nb3 Kf8 34. Kf1 Ke7 35. Ke2 Kd6 36. Kd3 Kd5 37. h5 g6 38. g4 e5 ({Black should try} 38... Bg7 $15) 39. dxe5 Nxe5+ 40. Bxe5 Kxe5 {KB-KN} 41. Ke3 gxh5 42. f4+ Ke6 43. gxh5 Kf5 {White should prevent ...Kg4.} 44. Kf3 Bc3 45. Nc5 Bd2 46. Nd3 Bc3 (46... f6 $5) 47. Nc1 Bd2 48. Ne2 Ke6 49. Nd4+ Kf6 50. Ke4 Bc3 {[#] ...Bxd4 is the strong threat.} 51. Nf5 Bb2 52. Nxh6 Ke6 $1 53. Nf5 Kf6 54. Ne3 Ke6 $1 55. Nf5 Kf6 56. Nh4 Bc3 57. Nf3 Bb2 58. Nd4 Kg7 59. Nf5+ Kf6 60. Nh4 Bc3 61. Kf3 Be1 62. Kg4 Bf2 63. Nf5 Bc5 64. Ng3 {[#] Black must now prevent Ne4+.} Bd4 65. Ne4+ Ke6 (65... Kg7 $11) 66. Kg5 $1 $14 {Threatens to win with h6.} Be3 $2 {A mistake that costs the game.} (66... Ke7 $14) 67. h6 $18 {Hoping for h7.} Bd4 $2 (67... Ke7 68. h7 Bd4) 68. f5+ Ke5 69. h7 Kxe4 70. f6 {Av CentiPawn Loss W=-2/B=-39. Weighted=-2/-27} 1-0